Statistics for 1990s Movie Silhouettes

Click here to take the quiz!

General Stats

  • This quiz has been taken 60,378 times
  • The average score is 8 of 12

Answers on the Map

Answers color-coded by a green-red scale on the quiz's map according to % correct below.
 

Answer Stats

Answer% Correct
Jurassic Park
98%
The Lion King
98%
Titanic
96%
Forrest Gump
91%
Scream
89%
Edward Scissorhands
81%
Toy Story
80%
Pretty Woman
48%
The Iron Giant
45%
Reservoir Dogs
43%
Speed
42%
The Matrix
24%

Score Distribution

Percentile by Number Answered

Percent of People with Each Score

Your Score History

You have not taken this quiz